The political history of England (Record no. 189877)
[ view plain ]
| 000 -LEADER | |
|---|---|
| campo de control de longitud fija | 00674nam a2200193 i 4500 |
| 001 - NÚMERO DE CONTROL | |
| campo de control | 189877 |
| 003 - IDENTIFICADOR DE NÚMERO DE CONTROL | |
| campo de control | ES-MaACL |
| 005 - FECHA Y HORA DE LA ÚLTIMA TRANSACCIÓN | |
| campo de control | 20251001181039.0 |
| 007 - CAMPO FIJO DE DESCRIPCIÓN FÍSICA--INFORMACIÓN GENERAL | |
| campo de control de longitud fija | t| |
| 008 - DATOS DE LONGITUD FIJA--INFORMACIÓN GENERAL | |
| campo de control de longitud fija | 191216s19131914xxkb |||| | eng d |
| 245 04 - MENCIÓN DEL TÍTULO | |
| Título | The political history of England |
| Resto del título | : in twelve volumes / |
| Mención de responsabilidad, etc. | edited by William Hunt and Reginald L. Poole. |
| 260 ## - PUBLICACIÓN, DISTRIBUCIÓN, ETC. | |
| Lugar de publicación, distribución, etc. | London : |
| Nombre del editor, distribuidor, etc. | Longmans, Green, and Co., |
| Fecha de publicación, distribución, etc. | 1913-1914. |
| 300 ## - DESCRIPCIÓN FÍSICA | |
| Extensión | 12 v. con mapas col. pleg. ; |
| Dimensiones | 23 cm. |
| 651 #4 - PUNTO DE ACCESO ADICIONAL DE MATERIA--NOMBRE GEOGRÁFICO | |
| Nombre geográfico | Gran Bretaña- |
| Subdivisión general | Historia. |
| 9 (RLIN) | 8752 |
| 700 1# - ENTRADA AGREGADA--NOMBRE PERSONAL | |
| Nombre de persona | Hunt, William, |
| Fechas asociadas al nombre | 1842-1931 |
| 9 (RLIN) | 169121 |
| 700 1# - ENTRADA AGREGADA--NOMBRE PERSONAL | |
| Nombre de persona | Poole, Reginald Lane ( |
| Fechas asociadas al nombre | 1857-1939) |
| 9 (RLIN) | 169122 |
| 852 ## - LOCALIZACIÓN | |
| Ubicación | ES-MaACL |
| Número de control de estantería | B-103-14 |
| Nota libre | - Enc. cart. |
| Estatus retirado | Estado de pérdida | Estado de daño | No para préstamo | Biblioteca de origen | Biblioteca actual | Ubicación en estantería | Fecha de adquisición | Fuente de adquisición | Total de préstamos | Signatura topográfica completa | Código de barras | Visto por última vez | Precio de reemplazo | Tipo de ítem Koha |
|---|---|---|---|---|---|---|---|---|---|---|---|---|---|---|
| Biblioteca del Ateneo de Madrid | Biblioteca del Ateneo de Madrid | Sala Pardo Bazán | 16/12/2019 | B-103-14 | 1201410 | 23/02/2023 | 23/02/2023 | Libro impreso |
